Get the Picture: The Simpsons vs. Family Guy Quiz Stats

 Plays Quiz Updated Oct 16, 2019

Score 0/20 Timer 03:00
11 Plays Today
Question Answer Wrong Answers
Chris Griffin Family Guy
95%
The Simpsons
1.6%
Scratchy The Simpsons
93%
Family Guy
2.8%
Waylon Smithers The Simpsons
92.8%
Family Guy
3.8%
Edna Krabappel The Simpsons
92.8%
Family Guy
4%
Groundskeeper Willie The Simpsons
92.6%
Family Guy
4%
Cleveland Brown Jr. Family Guy
91.6%
The Simpsons
5.1%
Crystal Quagmire Family Guy
91.6%
The Simpsons
5.1%
Clancy Wiggum The Simpsons
91.4%
Family Guy
4.5%
Tom Tucker Family Guy
90.8%
The Simpsons
5%
Otto Mann The Simpsons
90.6%
Family Guy
5.1%
Bonnie Swanson Family Guy
90.3%
The Simpsons
6.3%
Snowball II The Simpsons
89.8%
Family Guy
5.8%
Carter Pewterschmidt Family Guy
89.7%
The Simpsons
7%
Comic Book Guy The Simpsons
87.5%
Family Guy
8.2%
Ernie The Giant Chicken Family Guy
87.4%
The Simpsons
9.3%
Greased-Up Deaf Guy Family Guy
85.6%
The Simpsons
11.2%
Snake Jailbird The Simpsons
84.7%
Family Guy
10.8%
Lenny Leonard The Simpsons
83.3%
Family Guy
13.4%
Ollie Williams Family Guy
81.8%
The Simpsons
14.9%
Evil Monkey Family Guy
78.5%
The Simpsons
18.5%

Today's Daily Dose

Missing Word
Sherlocks

Word Ladder
King of the Hill

Quick Pick
Songs in Pink

Get the Picture
NBA Teammates

You're not logged in!

Compare scores with friends on all Sporcle quizzes.
OR
Log In

Sporcle TV

Today on Sporcle TV


Watch our educational content, quiz creation guides, and fun videos on Sporcle TV.

Show Comments

Extras

Top Quizzes Today


Score Distribution

Your Account Isn't Verified!

In order to create a playlist on Sporcle, you need to verify the email address you used during registration. Go to your Sporcle Settings to finish the process.

Report this User

Report this user for behavior that violates our Community Guidelines.

Details: